| 000 | 01188nam a2200325 a 4500 | ||
|---|---|---|---|
| 001 | BRL_1828 | ||
| 005 | 20190320211403.0 | ||
| 008 | 060815s1999----u--a######---#000-0#eng-# | ||
| 020 | _a0890133298 (rustica) | ||
| 020 | _a0890133255 (pasta dura) | ||
| 041 | _aeng | ||
| 044 | _au | ||
| 050 | 4 |
_aF1219.3.M4 _b.M39 1999 |
|
| 100 | 1 |
_aMauldin, Barbara _d1949- _927735 |
|
| 245 | 1 | 0 |
_aMasks of Mexico _btigers, devils, and the dance of life _cBarbara Mauldin ; field photography by Ruth D. Lechuga. |
| 260 |
_aSanta Fe, New Mexico _bMuseum of New Mexico Press _c1999 |
||
| 300 |
_a118 p. _bil. a color _c27 cm. |
||
| 500 | _aej.1 Au1738, ej.2 Au2185, ej.3 Au1750 | ||
| 500 | _aLa biblioteca cuenta con 3 ejemplares | ||
| 500 | _aEl ejemplar 3 esta elaborado en pasta dura. | ||
| 500 | _aEl ejemplar en pasta dura incluye dedicatoria a Ruth Lechuga | ||
| 504 | _aBibliografía: p. 115-118 | ||
| 650 | 1 | 4 |
_aMáscaras _zMéxico _94284 |
| 650 | 1 | 4 |
_aFestival _zMéxico _927986 |
| 650 | 1 | 4 |
_aAyunos y fiestas _zMéxico _923607 |
| 650 | 1 | 4 |
_aIndígenas de México _xVida social y costumbres _910614 |
| 700 | 1 |
_aLechuga, Ruth D. _d1920-2004 _eil. _92443 |
|
| 902 | _aGRL | ||
| 942 |
_2lcc _cB |
||
| 999 |
_c10636 _d10636 |
||